000 00638cam a22002171a 4500
001 ne 67001308
003 DLC
005 20260227111833.0
008 890401s1967 iq 000 0 arar
010 _ane 67001308
035 _a(OCoLC)23513224
040 _aDLC
_cMiU
_dWU
_dDLC
042 _apremarc
050 0 0 _aML420.I27
_bF3
100 1 _aFahad, Badrī Muḥammad.
245 1 3 _aal-Khalīfah al-mughannī :
_bIbrāhīm bin al-Mahdī, 126-224 h. /
_cBadrī Muḥammad Fahad.
260 _aBaghdād :
_bal-Irshad,
_c1967.
300 _a5, 266 p. ;
_c25 cm.
500 _aIn Arabic.
600 0 0 _aIbrāhīm ibn al-Mahdī,
_d779-839.
999 _c49704
_d49704